<?xml version="1.0" encoding="UTF-8"?>
<record
    xmlns:xsi="http://www.w3.org/2001/XMLSchema-instance"
    xsi:schemaLocation="http://www.loc.gov/MARC21/slim http://www.loc.gov/standards/marcxml/schema/MARC21slim.xsd"
    xmlns="http://www.loc.gov/MARC21/slim">

  <leader>00950nam a22002057a 4500</leader>
  <datafield tag="952" ind1=" " ind2=" ">
    <subfield code="0">0</subfield>
    <subfield code="1">0</subfield>
    <subfield code="2">ddc</subfield>
    <subfield code="4">0</subfield>
    <subfield code="7">0</subfield>
    <subfield code="8">NFIC</subfield>
    <subfield code="a">ASL</subfield>
    <subfield code="b">ASL</subfield>
    <subfield code="c">GEN</subfield>
    <subfield code="d">2020-09-14</subfield>
    <subfield code="l">0</subfield>
    <subfield code="o">220 AVB</subfield>
    <subfield code="p">100998</subfield>
    <subfield code="r">2020-09-14 00:00:00</subfield>
    <subfield code="t">C-1</subfield>
    <subfield code="w">2020-09-14</subfield>
    <subfield code="y">BK</subfield>
  </datafield>
  <datafield tag="999" ind1=" " ind2=" ">
    <subfield code="c">17863</subfield>
    <subfield code="d">17863</subfield>
  </datafield>
  <controlfield tag="003">BDDh-ASL</controlfield>
  <controlfield tag="005">20231015025641.0</controlfield>
  <controlfield tag="008">200914b           ||||| |||| 00| 0     d</controlfield>
  <datafield tag="040" ind1=" " ind2=" ">
    <subfield code="a">BDDh-ASL</subfield>
    <subfield code="c">BDDh-ASL</subfield>
    <subfield code="d">BDDh-ASL</subfield>
  </datafield>
  <datafield tag="041" ind1=" " ind2=" ">
    <subfield code="a">bengali </subfield>
  </datafield>
  <datafield tag="082" ind1=" " ind2=" ">
    <subfield code="a">220</subfield>
    <subfield code="b">AVB</subfield>
  </datafield>
  <datafield tag="100" ind1=" " ind2=" ">
    <subfield code="9">704</subfield>
    <subfield code="a">&#x98F;&#x9A1;&#x9C7;&#x9B0;&#x9C0;, &#x99C;&#x9C7;&#x9AE;&#x9B8;&#x9CD; &#x9B7;&#x9CD;&#x99F;&#x9C1;&#x9AF;&#x9BC;&#x9BE;&#x9B0;&#x9CD;&#x99F;</subfield>
  </datafield>
  <datafield tag="245" ind1="1" ind2=" ">
    <subfield code="a">&#x9AC;&#x9BE;&#x987;&#x9AC;&#x9C7;&#x9B2; &#x9AA;&#x9BE;&#x9A0;&#x9C7;&#x9B0; &#x9AA;&#x9A6;&#x9CD;&#x9A7;&#x9A4;&#x9BF;/</subfield>
    <subfield code="c">&#x99C;&#x9C7;&#x9AE;&#x9B8;&#x9CD; &#x9B7;&#x9CD;&#x99F;&#x9C1;&#x9AF;&#x9BC;&#x9BE;&#x9B0;&#x9CD;&#x99F; &#x98F;&#x9A1;&#x9C7;&#x9B0;&#x9C0;; &#x9AE;&#x9BE;&#x996;&#x9A8; &#x9B2;&#x9BE;&#x9B2; &#x9B8;&#x9B0;&#x995;&#x9BE;&#x9B0; (&#x985;&#x9A8;&#x9C2;&#x9A6;&#x9BF;&#x9A4;)&#x964; </subfield>
  </datafield>
  <datafield tag="246" ind1=" " ind2=" ">
    <subfield code="a">Baibel Pather Paddoti </subfield>
  </datafield>
  <datafield tag="260" ind1=" " ind2=" ">
    <subfield code="a">&#x995;&#x9C1;&#x9AE;&#x9BF;&#x9B2;&#x9CD;&#x9B2;&#x9BE;:</subfield>
    <subfield code="b">&#x996;&#x9CD;&#x9B0;&#x9C0;&#x9B7;&#x9CD;&#x99F;&#x9CD;&#x9B0;&#x9BF;&#x9AF;&#x9BC; &#x9B2;&#x9BF;&#x99F;&#x9BE;&#x9B0;&#x9C7;&#x99A;&#x9BE;&#x9B0; &#x9B8;&#x9C7;&#x9A8;&#x9CD;&#x99F;&#x9BE;&#x9B0;, </subfield>
  </datafield>
  <datafield tag="300" ind1=" " ind2=" ">
    <subfield code="a">&#x9E7;&#x9EA;&#x9EC; &#x9AA;&#x9C3;&#x9B7;&#x9CD;&#x9A0;&#x9BE;:</subfield>
    <subfield code="c">&#x9E7;&#x9EE; &#x9B8;&#x9C7;.&#x9AE;&#x9BF;.&#x964; </subfield>
  </datafield>
  <datafield tag="650" ind1=" " ind2="0">
    <subfield code="9">705</subfield>
    <subfield code="a">&#x9AC;&#x9BE;&#x987;&#x9AC;&#x9C7;&#x9B2;</subfield>
    <subfield code="x">&#x996;&#x9CD;&#x9B0;&#x9C0;&#x9B7;&#x9CD;&#x99F;&#x9BE;&#x9A8; &#x9A7;&#x9B0;&#x9CD;&#x9AE; </subfield>
  </datafield>
  <datafield tag="700" ind1=" " ind2=" ">
    <subfield code="9">706</subfield>
    <subfield code="a">&#x9B8;&#x9B0;&#x995;&#x9BE;&#x9B0;, &#x9AE;&#x9BE;&#x996;&#x9A8; &#x9B2;&#x9BE;&#x9B2;</subfield>
  </datafield>
  <datafield tag="942" ind1=" " ind2=" ">
    <subfield code="2">ddc</subfield>
    <subfield code="c">BK</subfield>
  </datafield>
</record>
